• 首页
  • 本馆介绍
  • 公告通知
  • 最新文献
  • 馆藏检索
  • 电子资源
  • 读者导购
  • 参考咨询
  • 我的图书馆
  • 登录
  • 详细信息显示
  • 放入我的书架
  • 预约/预借图书
  • 作者相关作品
  • 分类相关作品
  • 丛书相关作品
  • 出版社相关作品

书目信息

  • 表格格式
  • 工作单格式
  • 卡片格式
题名:
海洋政治地理
    
 
作者: 普雷斯科特 著 ;王铁崖 , 邵津 译
分册:  
出版信息: 北京   商务印书馆  1978
页数: 233页
开本: 20cm
丛书名:
单 册:
中图分类: P72
科图分类:
主题词: 海洋地理学:政治地理学 , 政治地理学:海洋地理学
电子资源:
ISBN:
000 00774nam0 2200265 45
001 0178006167
005 20060420143201.89
010    @dCNY0.71
091    @a12017.233
100    @a19950726d1978 emky0chiy0121 ea
101 1  @achi
102    @aCN@b110000
105    @ay z 000yy
200 10 @a海洋政治地理@Ahai yang zheng zhi di li@f( )J·R·V·普雷斯科特著@F()J·R·V·pu lei si ke te zhu@g王铁崖,邵津译
210    @a北京@c商务印书馆@d1978
215    @a233页@d20cm
300    @a内部发行
606    @a海洋地理学:政治地理学
606    @a政治地理学:海洋地理学
690    @aP72@v3
701  1 @a普雷斯科特@Apu lei si ke te@bJ.R.V.@4著
702  0 @a王铁崖@Awang tie ya@4译
702  0 @a邵津@Ashao jin@4译
801  0 @aCN@bTSSF@c20060420
905    @a10447@dP72@e1
    
    海洋政治地理/( )J·R·V·普雷斯科特著/王铁崖,邵津译.-北京:商务印书馆,1978
    233页;20cm
    内部发行
    
    ISBN :CNY0.71
    
●
相关链接 在E读中查询图书 在五车中查询图书 在当当中查询图书 在豆瓣中查询图书


正题名:海洋政治地理     索取号:P72/1         预约/预借

序号 登录号 条形码 馆藏地/架位号 状态 备注
1 0005511   202122390   第二样本阅览室/ [索取号:P72/1] 在馆    
2 0005512   202276009   密集书库/ [索取号:P72/1] 在馆    
唐山师范学院图书馆 欢迎您!
大连网信软件有限公司© 版权所有